Siglos caóticos (Record no. 10507)

MARC details
000 -CABECERA
campo de control de longitud fija 00961nam a2200301 a 4500
001 - NÚMERO DE CONTROL
campo de control BRL_1699
005 - FECHA Y HORA DE LA ÚLTIMA TRANSACCIÓN
campo de control 20190320211328.0
008 - DATOS DE LONGITUD FIJA--INFORMACIÓN GENERAL
campo de control de longitud fija 270514s1983----mx-a######---#000-0#spa-#
020 ## - NÚMERO INTERNACIONAL ESTÁNDAR DEL LIBRO
Número Internacional Estándar del Libro 9681314301
041 ## - CÓDIGO DE LENGUA
Código de lengua del texto/banda sonora o título independiente spa
044 ## - CÓDIGO DEL PAÍS DE LA ENTIDAD EDITORA/PRODUCTORA
Código MARC del país mx
050 #4 - SIGNATURA TOPOGRÁFICA DE LA BIBLIOTECA DEL CONGRESO
Número de clasificación DS121.55
Número de documento/Ítem .V45 1983
100 1# - ENTRADA PRINCIPAL--NOMBRE DE PERSONA
Nombre de persona Velikovsky, Immanuel
9 (RLIN) 27663
245 10 - MENCIÓN DE TÍTULO
Título Siglos caóticos
Mención de responsabilidad, etc. Immanuel Velikovsky.
260 ## - PUBLICACIÓN, DISTRIBUCIÓN, ETC.
Lugar de publicación, distribución, etc. México
Nombre del editor, distribuidor, etc. Diana
Fecha de publicación, distribución, etc. 1983
300 ## - DESCRIPCIÓN FÍSICA
Extensión 309 p.
Otras características físicas il.
Dimensiones 23 cm.
500 ## - NOTA GENERAL
Nota general Au2161
500 ## - NOTA GENERAL
Nota general Traducción de: Ages in chaos.
500 ## - NOTA GENERAL
Nota general Incluye índice analítico.
500 ## - NOTA GENERAL
Nota general En la pasta:´Recosntrucción de la historia antigua desde él Éxodo hasta el rey Akenatón.
650 14 - PUNTO DE ACCESO ADICIONAL DE MATERIA--TÉRMINO DE MATERIA
Término de materia o nombre geográfico como elemento de entrada Tell el-Amarna (Tablilla)
9 (RLIN) 27664
650 14 - PUNTO DE ACCESO ADICIONAL DE MATERIA--TÉRMINO DE MATERIA
Término de materia o nombre geográfico como elemento de entrada Judíos
Subdivisión general Historia
Subdivisión cronológica 1200-953 a. C.
9 (RLIN) 27665
650 14 - PUNTO DE ACCESO ADICIONAL DE MATERIA--TÉRMINO DE MATERIA
Término de materia o nombre geográfico como elemento de entrada Biblioa, A. T.
Subdivisión general Éxodo
9 (RLIN) 27666
651 #4 - PUNTO DE ACCESO ADICIONAL DE MATERIA--NOMBRE GEOGRÁFICO
Nombre geográfico Iran
Subdivisión general Historia
Subdivisión cronológica Hasta 640 d.C.
9 (RLIN) 27667
651 #4 - PUNTO DE ACCESO ADICIONAL DE MATERIA--NOMBRE GEOGRÁFICO
Nombre geográfico Egipto
Subdivisión general Historia
Subdivisión cronológica Hasta 640 d.C.
9 (RLIN) 27668
902 ## - CATALOGADOR
Iniciales GRL
942 ## - ELEMENTOS DE PUNTO DE ACCESO ADICIONAL (KOHA)
Fuente del sistema de clasificación o colocación Library of Congress Classification
Tipo de ítem Koha Libros
Holdings
Estado de retiro Estado de pérdida Estado dañado No para préstamo Localización permanente Ubicación/localización actual Fecha de adquisición Número de inventario Total de préstamos Signatura topográfica completa Código de barras Fecha visto por última vez Precio válido a partir de Tipo de ítem Koha
El ejemplar forma parte de la colección y puede ser consultado según las políticas vigentes.       Biblioteca Centro de Estudios Ruth D. Lechuga Biblioteca Centro de Estudios Ruth D. Lechuga 27/05/2014 Au2161   DS121.55 .V45 1983 (Au2161) GRL01866 22/03/2019 22/03/2019 Libros